Zlatý fond světové kinematografie : 100 filmů vybraných anketou UNESCO / Ivan Herfurt ; obálka a graf. úprava Bohumír Rakušan
Record details
- Physical Description: 317 s. : il. ; 20 cm
- Edition: 1. vyd.
- Publisher: Praha : Horizont, 1986
Content descriptions
| General Note: | Marginálie Frontispis 45000 výt. |
| Bibliography, etc. Note: | Obsahuje bibliografii |
Search for related items by subject
| Genre: | medailony |
Available copies
- 1 of 1 copy available at Common Catalog SPOK.
Holds
- 0 current holds with 1 total copy.
Show Only Available Copies
| Location | Call Number / Copy Notes | Barcode | Shelving Location | Status | Due Date |
|---|---|---|---|---|---|
| KDS Library | 7 HeI | 204576802141 | Library | Available | - |
| LDR | 00959nam a2200301 4500 | ||
|---|---|---|---|
| 001 | 21661 | ||
| 003 | CZ-PrJAB | ||
| 005 | 20150715123434.0 | ||
| 007 | tu | ||
| 008 | 870325s1986 xr u0|0 | cze | ||
| 015 | . | ‡acnb000019050 | |
| 020 | . | ‡q(Váz.) : ‡cKčs 44,00 | |
| 035 | . | ‡a(CZ PrNK)ck8700803 | |
| 035 | . | ‡a(OCoLC)39425616 | |
| 040 | . | ‡aABA001 ‡bcze ‡dABA001 | |
| 080 | . | ‡a791.2(100)(082:084.1) ‡2MRF | |
| 100 | 1 | . | ‡aHerfurt, Ivan, ‡d1953- ‡7jn20031112001 ‡4aut |
| 245 | 1 | 0. | ‡aZlatý fond světové kinematografie : ‡b100 filmů vybraných anketou UNESCO / ‡cIvan Herfurt ; obálka a graf. úprava Bohumír Rakušan |
| 250 | . | ‡a1. vyd. | |
| 260 | . | ‡aPraha : ‡bHorizont, ‡c1986 ‡e(Čes. Těšín : ‡fTisk 3) | |
| 300 | . | ‡a317 s. : ‡bil. ; ‡c20 cm | |
| 500 | . | ‡aMarginálie | |
| 500 | . | ‡aFrontispis | |
| 500 | . | ‡a45000 výt. | |
| 504 | . | ‡aObsahuje bibliografii | |
| 655 | 7. | ‡amedailony ‡7fd185951 ‡2czenas | |
| 910 | . | ‡aABE463 | |
| 964 | . | ‡aFilmy světové - r. 1895-1975 - medailony | |
| 998 | . | ‡a000019050 | |
| 901 | . | ‡a21661 ‡b ‡c21661 ‡tbiblio | |